| 000 | 00908cam a22002771 4500 | ||
|---|---|---|---|
| 001 | 34910 | ||
| 003 | BD-RjUL | ||
| 005 | 20211209052229.0 | ||
| 008 | 140520r19641955enka 001 0 eng d | ||
| 035 | _a(BD-RjUL)35004 | ||
| 040 |
_aDLC _cICU _dICU _dDLC _dBD-RJUL _beng |
||
| 041 | _aeng | ||
| 082 | 0 | 4 |
_a301.44 _bCOS 1964 |
| 100 | 1 |
_aCole, G. D. H. _q(George Douglas Howard), _d1889-1959. _97576 |
|
| 245 | 1 | 0 | _aStudies in class structure / |
| 260 |
_aLondon : _bRoutledge and Paul., _c1955 [Impression 1964]. |
||
| 300 |
_avii, 195 p. : _bill. ; _c23 cm. |
||
| 490 | 1 | _aInternational library of sociology and social reconstruction | |
| 504 | _aIncludes index. | ||
| 650 | 0 |
_aSocial classes _zGreat Britain. _910727 |
|
| 740 | _aClass structure. | ||
| 830 | 1 |
_aInternational library of sociology and social reconstruction _9106283 |
|
| 942 |
_2ddc _cBK |
||
| 999 |
_c34910 _d34910 |
||